Home Print Resources E-Books E-Journals IIMT Lecture Series Library Membership Form Book Recommendation Form Campus Tour Take AdmissionAbout Us Contact Us

PUBLIC RELATIONS MANAGEMENT IN MEDIA AND JOURNALISM (Record no. 9326)

000 -LEADER
fixed length control field 00375nam a2200145Ia 4500
003 - CONTROL NUMBER IDENTIFIER
control field OSt
005 - DATE AND TIME OF LATEST TRANSACTION
control field 20231215061711.0
008 - FIXED-LENGTH DATA ELEMENTS--GENERAL INFORMATION
fixed length control field 170524s9999 xx 000 0 und d
020 ## - INTERNATIONAL STANDARD BOOK NUMBER
International Standard Book Number 9788173919039
040 ## - CATALOGING SOURCE
Transcribing agency IIMT UNIVERSITY
100 ## - MAIN ENTRY--PERSONAL NAME
Personal name VACHANI- JAGDISH
245 #0 - TITLE STATEMENT
Title PUBLIC RELATIONS MANAGEMENT IN MEDIA AND JOURNALISM
260 ## - PUBLICATION, DISTRIBUTION, ETC.
Name of publisher, distributor, etc. NEW DELHI: KANISHKA
942 ## - ADDED ENTRY ELEMENTS (KOHA)
Source of classification or shelving scheme
Koha item type Text-Book- for 7 days
Holdings
Withdrawn status Lost status Source of classification or shelving scheme Damaged status Not for loan Home library Current library Date acquired Total Checkouts Full call number Barcode Date last seen Date last checked out Uniform Resource Identifier Price effective from Koha item type Total Renewals Checked out
          IIMT University Central Library Meerut IIMT University Central Library Meerut 05/31/2017 4 R 01-B-94393 11/24/2022 11/09/2022 Journalism and Mass Communication 05/31/2017 Reference Book    
          IIMT University Central Library Meerut IIMT University Central Library Meerut 05/31/2017 7   01-B-94394 03/14/2022 11/29/2021 Journalism and Mass Communication 05/31/2017 Book Bank 2  
          IIMT University Central Library Meerut IIMT University Central Library Meerut 05/31/2017 5   01-B-94395 10/04/2024 10/04/2024 Journalism and Mass Communication 05/31/2017 Book Bank   10/14/2024
IIMT, Central Library. All Rights Reserved IIMT,UNIVERSITY © 2023
Implemented and Customised by I CLOUDE EMS
You Are OPAC Visitor No
free web counter

Powered by Koha